Vista normal
Vista MARC
Entrada Nombre Personal
Número de registros utilizados en: 1
001 - NUMERO DE CONTROL
- control field: 27285
003 - IDENTIFICADOR DEL NÚMERO DE CONTROL
- control field: AR-RoUNA
005 - FECHA Y HORA DE LA ÚLTIMA TRANSACCIÓN
- control field: 20250723075455.0
008 - ELEMENTOS DE DATOS DE LONGITUD FIJA
- fixed length control field: 250723|| aca||aabn | a|a d
010 ## - NÚMERO DE CONTROL DE LA BIBLIOTECA DEL CONGRESO
- LC control number: no 93000302
040 ## - FUENTE DE CATALOGACIÓN
- Original cataloging agency: AR-RoUNA
100 1# - ENCABEZADO--NOMBRE PERSONAL
- Nombre personal: Pallardó Comas, Ma. Flores
- Forma más completa de nombre: (María Flores)
400 1# - REFERENCIA DE ENVIO “VEASE” - NOMBRE PERSONAL
- Nombre personal: Comas, Ma. Flores
- Fuller form of name: (María Flores Pallardó)
400 1# - REFERENCIA DE ENVIO “VEASE” - NOMBRE PERSONAL
- Nombre personal: Pallardó Comas, María Flores
670 ## - FUENTE EN LA QUE SE LOCALIZARON DATOS
- Cita fuente: Tesauro de medio ambiente, 1990
- Información encontrada: t.p. verso (M.a Flores Pallardó Comas) p. xii (María Flores Pallardó Comas)